Datum a čas kvízu
16.5
Celkem bodů
Celkový počet nahraných bodů na tomto kvízu bez doplňovacích otázek.
8.
Pořadí na kvízu
Konečné umístění týmu na tomto kvízu.
Zaznamenané odpovědi
| # | Otázka | Odpověď | Body | Výsledky |
|---|---|---|---|---|
| 1. | V pondělí se český premiér ,,j... | Adam Vojtěch | 0 | |
| 2. | Vláda jisté země dala ve čtvrt... | Francisco Franco | 0 | |
| 3. | Minulý čtvrtek byl slavnostně... | Aj Wej-wej | 0 | |
| 4. | Minulý týden jsme se dozvěděli... | Avast | 0 | |
| 5. | Minulý týden bylo oznámeno, že... | Fernando Alonso | 1 | |
| 6. | Druhý díl naší cesty kolem svě... | Srí Lanka (do r. 1972 Cejlon) | 0 | |
| 7. | Pokračujeme dále do jihovýchod... | Thajsko | 1 | |
| 8. | Další dvě otázky budou patřit... | 2. největší | 0 | |
| 9. | Jakou barvou je přibližně vyz... | žlutou barvou | 1 | |
| 10. | Dnešní putování zakončíme v Mo... | z kobylího mléka | 0 |